[Event "SVK-ch U16"]
[Site "Tatralandia"]
[Date "2025.05.16"]
[Round "7"]
[White "Svitek, Peter"]
[Black "Foldesi, Marek1"]
[Result "1/2-1/2"]
[WhiteElo "1372"]
[BlackElo "1592"]
[PlyCount "95"]
[EventDate "2025.05.11"]
[EventType "swiss"]
[EventRounds "9"]
[EventCountry "SVK"]
[SourceTitle "CB21_2025"]
[SourceDate "2025.05.21"]
[SourceVersion "1"]
[SourceVersionDate "2025.05.21"]
[SourceQuality "1"]

1. e4 d6 2. d4 Nf6 3. Nc3 g6 4. Bd3 Bg7 5. h3 c6 6. Nf3 b5 7. b4 Bb7 8. a3 a6 9. Be3 Nbd7 10. e5 dxe5 11. dxe5 Nd5 12. Nxd5 cxd5 13. Bd4 e6 14. 0-0 0-0 15. Re1 Nb6 16. Nd2 Nc4 17. f4 Rc8 18. c3 Nb2 19. Qc2 Nxd3 20. Qxd3 Re8 21. Bc5 Bf8 22. Nb3 Qc7 23. Qd4 Ba8 24. Re2 Bxc5 25. Nxc5 a5 26. Kh2 axb4 27. cxb4 Bc6 28. g3 Ra8 29. Kg2 Ra7 30. Rea2 Rea8 31. h4 Qe7 32. Kh3 Kg7 33. Nd3 f6 34. Nc5 Re8 35. Rf2 Raa8 36. Rff1 fxe5 37. fxe5 Rf8 38. Rxf8 Rxf8 39. Ra2 Qf7 40. Kg2 Qf1+ 41. Kh2 Re8 42. a4 bxa4 43. Nxa4 Ra8 44. Nc3 Rxa2+ 45. Nxa2 Qe2+ 46. Kh3 Qxa2 47. Qc5 Qc4 48. Qe7+ 1/2-1/2

[Event "SVK-ch U16"]
[Site "Tatralandia"]
[Date "2025.05.15"]
[Round "6"]
[White "Kollar, Max"]
[Black "Svitek, Peter"]
[Result "0-1"]
[WhiteElo "1022"]
[BlackElo "1372"]
[PlyCount "60"]
[EventDate "2025.05.11"]
[EventType "swiss"]
[EventRounds "9"]
[EventCountry "SVK"]
[SourceTitle "CB21_2025"]
[SourceDate "2025.05.21"]
[SourceVersion "1"]
[SourceVersionDate "2025.05.21"]
[SourceQuality "1"]

1. d4 d5 2. Nc3 Nf6 3. Nf3 Bg4 4. e3 e6 5. Bd3 c5 6. h3 Bxf3 7. Qxf3 cxd4 8. exd4 Bb4 9. Bd2 0-0 10. 0-0-0 h6 11. Nb5 Bxd2+ 12. Rxd2 a6 13. Nc3 Qa5 14. Rhd1 b5 15. Ne2 Qxa2 16. c3 Qa5 17. Nf4 Nbd7 18. g4 g5 19. Nh5 Nxh5 20. gxh5 Rac8 21. Qg4 b4 22. Rc2 bxc3 23. bxc3 Nf6 24. Qf3 Kg7 25. h4 Rxc3 26. Qg3 Rxc2+ 27. Bxc2 Ne4 28. Qe5+ f6 29. Qxe6 Qa3+ 30. Kb1 Nc3# 0-1

[Event "SVK-ch U16"]
[Site "Tatralandia"]
[Date "2025.05.11"]
[Round "1"]
[White "Mrazik, Lukas"]
[Black "Svitek, Peter"]
[Result "1-0"]
[WhiteElo "1812"]
[BlackElo "1372"]
[PlyCount "21"]
[EventDate "2025.05.11"]
[EventType "swiss"]
[EventRounds "9"]
[EventCountry "SVK"]
[SourceTitle "CB21_2025"]
[SourceDate "2025.05.21"]
[SourceVersion "1"]
[SourceVersionDate "2025.05.21"]
[SourceQuality "1"]

1. e4 e5 2. Bc4 Nf6 3. d4 exd4 4. Nf3 Bc5 5. 0-0 d5 6. exd5 Bg4 7. Re1+ Kf8 8. Qd3 c6 9. Nxd4 cxd5 10. Nc3 dxc4 11. Ne6+ 1-0